000 05466namaa22004091i 4500
003 OSt
005 20260419112525.0
008 250827s2025 ua a|||frm||| 000 0 eng d
040 _aEG-GICUC
_bara
_cEG-GICUC
_dEG-GICUC
_erda
041 0 _aara
_bara
_beng
049 _aإيداع
082 0 4 _a895.1351
092 _a895.1351
_221
097 _aمــــاجستير
099 _aCai01.02.09.M.A.2025.نو.م
100 0 _a،نورهان رضا كامل جودة
_eإعداد.
245 1 2 _aالمتغيرات الاجتماعية والثقافية للتبت ودورها في تحول الشخصية الروائية من خلال رواية صلوات تبتية للكاتب تسي رنلوهبو /
_cإعداد نورهان رضا كامل جودة؛ إشراف أـد.رحاب محمود أحمد صبح.
246 1 5 _aThe social and culture changes of the tibet and the characters change in the tibetan prayers novel by tse renlohbo /
264 0 _c2025.
300 _a76 صفحة :
_bإيضاحيات ؛
_c25 سم. +
_eCD.
336 _atext
_2rda content
337 _aUnmediated
_2rdamedia
338 _avolume
_2rdacarrier
502 _aأطروحة (ماجستير)-جامعة القاهرة، 2025.
504 _aببليوجرافيا: صفحات 70-72.
520 _aلقد وُلد الكاتب تسي رنلوهبو في مدينة لاسا بالتبت، ولهذا السبب نجد أن أعماله تكشف عن المشاهد الدينية والإنسانية التبتية وتأثيرها على التبتيين، فنجد رواية صلوات تبتية تحفة فنية تعكس عملية التنمية الاجتماعية والتاريخية في التبت على مدار الخمسين عاما الماضية وذلك من خلال وصف ذكريات حياة بطل الرواية جين مى وانغ تهدف هذه الدراسة إلى التعمق في دراسة التبت والتغيرات التاريخية والسياسية التي طرأت عليها في ظل الانفتاح وإصلاحات الحزب الشيوعي ويهدف أيضاً إلى تحليل العوامل المؤثرة في حياة الراهب وتحوله إلى علماني والمصير الذي تعرض له في النهاية، ويتم تطبيق هذا من خلال الوصف التحليلي؛ إذ يتم شرح وتفسير وتحليل المجمتع التبتى والشعب التبتي قبل وبعد التحرير ومن ثم التوصل إلى أسباب تلك التغيرات ونتائجها الإيجابية تتكون هذه الدراسة من ثلاثة أبواب الباب الأول يعرض شخصية الكاتب وخبراته الحياتية ومشواره الفنى وأهم أعماله التي اشتهر بها، الباب الثاني يعرض تعريفاً للتبت وأهم ما يميزها ويعرض المجتمع التبتي القديم فى عهد الدالاى لاما وأيضاً المجتمع التبتي الجديد بعد التحرير السلمى للتبت، بينما يعرض الباب الثالث حياة الراهب جين مى وانغ في معبد سيرا وحياته بعد أن أصبح شخص علماني وأسباب تلك التغيرات الفكرية التي دفعته لذلك ويوضح أيضاً المصير الذي أصبح عليه في النهاية
520 _aThe writer Tse Renlohbo was born in Lasa, Tibet, and For this reason we find that his works reveal Tibetan religious and human scenes and their impacton Tibetans. We find that "Tibetan prayers" novel is amasterpiece that reflects the process of social and historical development inTibet over the last fifty years, by describing the memories of the life of Jin Mi Wang.This thesis aims to delve into the study of Tibet and the historical and political changes that occurred in it under the openness and reforms of the communist party. It also aims to analyze the factors affecting the life of the monk and his transformation into secularist and the fate he faced in the end.This is applied through the analytical description; The Tibetan society and the Tibetan people are explained, inter preted and analyzed before and after liberation, and then reach the reason for those changes and their positive results The study is divided into three main sections, each of which comprises three chapters.Section One: presents the writer's personality, life experience, artistic career and most important works for which he is famous ; section Two: presents Tibt, Tibet before liberation and the historical changes that occurred in Tibet ; section Three: presents the life of the monk Jin Mi Wang and the intellectual changes that occurred on a monk to become a secularist.
530 _aصدر أيضًا كقرص مدمج.
546 _aالنص بالعربية والملخص باللغة الإنجليزية والعربية.
650 7 _aالقصص الصينية
_2qrmak
653 0 _aجين مي وانغ
_aالراهب
_aالعلمانى
700 0 _aرحاب محمود أحمد صبح
_eمشرف أطروحة.
900 _b16-04-2025
_cرحاب محمود أحمد صبح
_dمرفت علي
_dلي شيانغ يه
_Uجامعة القاهرة
_Fكلية الآداب
_Dقسم اللغة الصينية
905 _aSara
_eAfaf
942 _2ddc
_cTH
_e21
_n0
999 _c179407